Представление документа в формате RUSMARC

ПолеНазваниеЗначение
  Тип записи a
  Библиографический уровень m
001 Контрольный номер RU/CBS_UL/BASE/5cbe48da158145bd9589fef8f6861f3f
005 Дата корректировки 20260216151940.2
010 Индекс ISBN __
a ISBN
b Уточнения в пер.
9 Тираж экз.
d Цена 25 р. 00 к.
100 Данные общей обработки __
a Данные общей обработки 20100507d2013 u u 1rusy ||||ca
101 Язык документа 0_
a Язык текста rus
102 Страна публикации __
a Страна публикации RU
200 Заглавие и сведения об ответственности 1_
a Заглавие Международная охрана авторских прав
205 Сведения об издании __
a Основные сведения об издании 2-е изд., перераб. и доп.
210 Выходные данные 1_
a Место издания Москва
c Издательство Русский двор
d Дата издания 2000
215 Физическое описание __
a Объем 240 с.
c Иллюстрации/тип воспроизводства ил.
300 Общие примечания __
a Общие примечания 16+
606 Тематические рубрики 0_
a Основная рубрика Творческие правоотношения
610 Ключевые слова 0_
a Ключевые слова право авторское; правоотношения творческие; справочники
686 Индексы других классификаций __
a Классификационный индекс 67.412.2
2 Код системы rubbk
700 Автор _1
a Фамилия Матвеев
b Имя (инициалы) Ю. Г.
801 Источник записи _0
a Страна RU
b Организация МБУК ЦБС г. Ульяновска
c Дата составления 20100507
801 Источник записи _1
a Страна RU
b Организация МБУК ЦБС г. Ульяновска
c Дата составления 20100507
852 Данные о местонахождении __
i Авторский знак М 33
j Шифр хранения 67.412
901 Тип документа __
t Тип документа m